000 00371nam a2200133 i 4500
001 bg
100 1 _aWIERZCHOŃ, Tadeusz
245 0 _aTworzenie się warstwy borków żelaza na stali w warunkach wyładowania jarzeniowego /
_cT. Wierzchoń.
260 _aWarszawa,
_c1986.
040 _cBPK
041 _apol
942 _cKS
008 s pl f |000 0 pol
999 _c23618
_d23618
856 _uhttp://koha.tu.koszalin.pl/cgi-bin/koha/opac-detail.pl?biblionumber=23618
_yKatalog online BPK